Nghiên cứu sử dụng vi nấm trichoderma Sp. và Aper gillus SP. để bóc vỏ tiêu xanh
Cơ quan chủ trì: Đại học Thủ Dầu Một; Đề tài NCKH sinh viên khoa Tự nhiên
Enregistré dans:
| Auteur principal: | |
|---|---|
| Format: | Livre |
| Langue: | Undetermined |
| Publié: |
Bình Dương
2014
|
| Sujets: | |
| Accès en ligne: | http://lrc.tdmu.edu.vn/opac/search/detail.asp?aID=2&ID=37206 |
| Tags: |
Ajouter un tag
Pas de tags, Soyez le premier à ajouter un tag!
|
| Thư viện lưu trữ: | Trung tâm Học liệu Trường Đại học Thủ Dầu Một |
|---|
| LEADER | 00840nam a2200169Ia 4500 | ||
|---|---|---|---|
| 001 | TDMU_37206 | ||
| 008 | 210410s9999 xx 000 0 und d | ||
| 082 | |a 895.92209003 | ||
| 100 | |a Trần, Thị Ngọc Như | ||
| 245 | 0 | |a Nghiên cứu sử dụng vi nấm trichoderma Sp. và Aper gillus SP. để bóc vỏ tiêu xanh | |
| 245 | 0 | |c Trần Thị Ngọc Như, TS. Vũ Đình Luận (hướng dẫn) | |
| 260 | |a Bình Dương | ||
| 260 | |c 2014 | ||
| 520 | |a Cơ quan chủ trì: Đại học Thủ Dầu Một; Đề tài NCKH sinh viên khoa Tự nhiên | ||
| 650 | |a Báo cáo khoa học; Vi nấm trichoderma Sp.; Aper gillus SP; Tiêu xanh | ||
| 856 | |u http://lrc.tdmu.edu.vn/opac/search/detail.asp?aID=2&ID=37206 | ||
| 980 | |a Trung tâm Học liệu Trường Đại học Thủ Dầu Một | ||